Societat, mitjans i política : drets i deures : VIII Jornada sobre Mitjans de Comunicació Audiovual drets i deures :
ISBN:
978-84-393-7989-8
Descripción Física:
123 p. ; 26 cm
Colección:
Testimonis parlamentaris ; 29
MARC
| LEADER | 00000nam a2200000Ia 4500 | ||
|---|---|---|---|
| 001 | 21483 | ||
| 008 | 160829s2009 xx 000 0 cat d | ||
| 020 | |a 978-84-393-7989-8 | ||
| 080 | |a M-6-199 | ||
| 111 | |a Jornada Parlamentària sobre Mitjans de Comunicació Audiovisuals |n (8a : |d 2008 : |c Barcelona, Catalunya) |9 55673 | ||
| 245 | |a Societat, mitjans i política : |b drets i deures : |b VIII Jornada sobre Mitjans de Comunicació Audiovual | ||
| 260 | |a Barcelona : |b Parlament de Catalunya, |c 2009 | ||
| 300 | |a 123 p. ; |c 26 cm | ||
| 490 | |a Testimonis parlamentaris ; 29 | ||
| 590 | |a Jornada celebrada el 20 d'octubre de 2008 al Parlament de Catalunya. | ||
| 650 | |a Mitjans de comunicació de massa |x Aspectes socials |x Catalunya |x Congressos |9 42452 | ||
| 650 | |a Mitjans de comunicació de massa |x Aspectes polítics |x Catalunya |x Congressos |9 42453 | ||
| 710 | 1 | |a Catalunya. |b Parlament |9 11492 | |
| 901 | |a Arxiu | ||
| 942 | |n 1 | ||
| 952 | |0 0 |1 0 |4 0 |6 M6199 |7 1 |9 50855 |a Arxiu |b Arxiu |d 2016-12-01 |l 0 |o M-6-199 |p 21483 |r 2016-12-01 00:00:00 |w 2016-12-01 |y ARXIU | ||
| 999 | |c 54697 |d 54697 | ||